|
|
|
|
| LEADER |
00000nab a2200000 a 4500 |
| 001 |
vtls000444833 |
| 003 |
SK-MaSNL |
| 005 |
20260311224953.0 |
| 008 |
230302c1992 xo 0 slo |
| 015 |
|
|
|a SNBRB19rr/mm-uuuuu
|
| 035 |
|
|
|a CL0444963
|
| 035 |
|
|
|a urn:nbn:sk:snk-abami3
|
| 035 |
|
|
|a (urnnbn)urn:nbn:sk:snk:ar-0086v7
|
| 035 |
|
|
|a (uuid)acab3aa3-d381-4f77-8ff1-13d086e581fc
|
| 040 |
|
|
|a SNKBUCL
|b slo
|c SNKBUCL
|e AACR2
|
| 041 |
0 |
|
|a slo
|
| 044 |
|
|
|a xo
|c SK
|
| 080 |
|
|
|a 342.24(437)
|2 1981
|
| 080 |
|
|
|a 342.4(437.6)
|2 1981
|
| 100 |
1 |
|
|a Ferko, Milan,
|d 1929-2010
|4 aut
|9 134529
|
| 245 |
1 |
0 |
|a Ak Slovensko chce byť Slovenskom. 5
|c Milan Ferko
|
| 300 |
|
|
|b Obr. 1.
|
| 650 |
0 |
7 |
|a Ústava Slovenskej republiky
|2 snkbucl
|9 499021
|
| 651 |
|
7 |
|a Československo
|2 snkbucl
|9 21376
|
| 655 |
|
7 |
|a články z novín a časopisov
|2 snkbucl
|9 267496
|
| 773 |
0 |
|
|t Literárny týždenník
|g Roč. 5, č. 3 (1992), s. 4
|
| 850 |
|
|
|a Slovenská národná knižnica v Martine
|a MTA001
|
| 852 |
|
|
|a SNK
|b KIS3GCP
|
| 954 |
|
|
|a odborná, vedecká literatúra pôvodná (slovenská)
|2 lita
|
| 958 |
|
|
|a RK
|
| 958 |
|
|
|a OND
|
| 958 |
|
|
|a EUIPO
|
| 958 |
|
|
|a article14
|
| 999 |
|
|
|c 3263713
|d 3265643
|